000 00823cam a2200301 a 4500
001 1326
003 BD-RjUL
005 20211208233321.0
008 131125s1978 enk b 001 0 eng
020 _a0715609971 :
035 _a(BD-RjUL)1348
040 _aDLC
_cDLC
_dDLC
_dBD-RjUL
_beng
041 _aeng
082 0 0 _a192
_220
_bDUT 1978
100 1 _aDummett, Michael,
_d1925-2011.
_93926
245 1 0 _aTruth and other enigmas /
_cMichael Dummett.
260 _aLondon :
_bDuckworth,
_cc1978.
300 _alviii, 470 p. ;
_c24 cm.
504 _aIncludes bibliography.
504 _aIncludes index.
600 1 0 _aFrege, Gottlob,
_d1848-1925.
_9116290
650 0 _aPhilosophy.
_93928
650 0 _aLogic.
_93929
650 0 _aTime.
_93524
942 _2ddc
_cBK
999 _c1326
_d1326